000 00395nam a2200169Ia 4500
001 10581
003 IN-NITTTR
005 20251114233058.0
008 251113s9999||||xx |||||||||||||| ||eng||
040 _beng
040 _cIN-NITTTR
041 _aeng
082 _a370.193 C818S
100 _aCortis, Gerald
245 4 _aThe social context of teaching. /
_cCortis, Gerald
942 _2ddc
_cBK
999 _c13218
_d13218